书目信息 |
| 题名: |
电工仪器仪表检定与修理
|
|
| 作者: | 《电工仪器仪表检定与修理》编写组编写 | |
| 分册: | 上册 | |
| 出版信息: | 北京 国防工业出版社 1981 |
|
| 页数: | 859页 | |
| 开本: | 20cm | |
| 丛书名: | ||
| 单 册: | ||
| 中图分类: | TM930.4 | |
| 科图分类: | ||
| 主题词: | 电工仪表--维修 , 电气测量 , 电工仪表 | |
| 电子资源: | ||
| ISBN: | ||
| 000 | 00631nam0 2200229 45 | |
| 001 | 0181010391 | |
| 005 | 20060427092616.21 | |
| 010 | @dCNY2.00 | |
| 091 | @a15034.1649 | |
| 100 | @a19960215d1981 em y0chiy0121 ea | |
| 101 | 0 | @achi |
| 102 | @aCN@b110000 | |
| 105 | @ay z 000yy | |
| 200 | 10 | @a电工仪器仪表检定与修理@Adian gong yi qi yi biao jian ding yu xiu li@h上册@f《电工仪器仪表检定与修理》编写组编写 |
| 210 | @a北京@c国防工业出版社@d1981 | |
| 215 | @a859页@d20cm | |
| 606 | @a电工仪表@x维修 | |
| 606 | 0 | @a电气测量 |
| 606 | 0 | @a电工仪表 |
| 690 | @aTM930.4@v4 | |
| 801 | 0 | @aCN@bNLC@c20060427 |
| 905 | @dTM930.4@e48:1 | |
| 电工仪器仪表检定与修理.上册/《电工仪器仪表检定与修理》编写组编写.-北京:国防工业出版社,1981 |
| 859页;20cm |
| ISBN :CNY2.00 |
| ● |
| 相关链接 |
|
|
|
|
正题名:电工仪器仪表检定与修理
索取号:TM930.4/48:1
 
预约/预借
| 序号 | 登录号 | 条形码 | 馆藏地/架位号 | 状态 | 备注 |
| 1 | 0003117 | 202292134 | 密集书库/ [索取号:TM930.4/48:1] | 在馆 |